Countries by Coastline-to-Area Ratio - Statistics

General Stats
  • This quiz has been taken 44 times
    22 since last reset
  • The average score is 14 of 20
Answer Stats
Ratio (Coastline/Area) Country % Correct
0.08464 Norway
90%
0.04140 Chile
85%
0.07182 Greece
85%
0.06875 United Kingdom
85%
0.05233 Cuba
80%
0.02757 Indonesia
80%
0.01997 Italy
80%
0.04101 Japan
80%
0.03810 New Zealand
80%
0.05054 Philippines
80%
0.01448 Sweden
80%
0.04850 South Korea
75%
0.01594 Malaysia
70%
0.02420 Papua New Guinea
70%
0.02211 France
65%
0.05049 Iceland
65%
0.01745 Vietnam
60%
0.01775 North Korea
55%
0.02135 Bangladesh
45%
0.01342 Honduras
30%
No matching quizzes found
Score Distribution
Percent of People with Each Score
Percentile by Number Answered
Your Score History
You have not taken this quiz since the last reset